000 00944nam a2200217Ia 4500
003 OSt
005 20241003122427.0
008 210210b1982 xxu||||| |||| 00| 0 eng d
040 _cAL
041 _aKannada
082 _aK894.9 SHIS
100 _aSHIVARUDRAPPA (G S),Ed.
_9133891
_d ಶಿವರುದ್ರಪ್ಪ (ಜಿಎಸ್)
245 _aSamagra kannada sahitya charitre.S 5.
_bಸಮಗ್ರ ಕನ್ನಡ ಸಾಹಿತ್ಯ ಚರಿತ್ರೆ : ಸಂಪುಟ ೫
260 _aBengaluru
_bVishvavidyalaya
_c1982
300 _axvi,506
440 _a5
_9133892
650 _aGovinda Gopakavi Nagarasa Sarvajna Shadaksharadeva Chikkadevaraja Tirumalarya Chikupadhyaya Mahalingaranga Honnamma Chidanandavadhuta Giriyamma Tirumalabhatta Lingannakavi Shantikirti Jagannatha Dasa Devachandra Krashnaraja Kempunarayana Aliyalingaraja
_9133893
690 _aKannada Criticism
_9133894
906 _a042104
942 _2ddc
_cBK
999 _c91821
_d91821